Normal view
MARC view
- Parsons, K. C.
Entry Personal Name
001 - CONTROL NUMBER
- control field: 38650
003 - CONTROL NUMBER IDENTIFIER
- control field: OSt
005 - DATE AND TIME OF LATEST TRANSACTION
- control field: 20151103114511.0
008 - FIXED-LENGTH DATA ELEMENTS
- fixed length control field: 151103|| aca||aabn | a|a d
040 ## - CATALOGING SOURCE
- Original cataloging agency: OSt
100 1# - HEADING--PERSONAL NAME
- Personal name: Parsons, K. C.
- Fuller form of name: (Kenneth C.),
- Dates associated with a name: 1953-
400 1# - SEE FROM TRACING--PERSONAL NAME
- Personal name: Parsons, Kenneth C.,
- Dates associated with a name: 1953-
400 1# - SEE FROM TRACING--PERSONAL NAME
- Personal name: Parsons, Ken
- Fuller form of name: (Kenneth C.),
- Dates associated with a name: 1953-